000 00288nam a2200109 a 4500
008 101213s1987|||| d
245 1 0 _aBratislavské hudobné telesá a spolky 1945 - 1985
260 _bUK V Bratislave
_aBratislava
_c1987
020 _c15
044 _axo
_cSK
041 _aslo
999 _c15176
_d15176